Economics of Strategy (Record no. 13394)

MARC details
000 -LEADER
fixed length control field 00507nam a22002177a 4500
003 - CONTROL NUMBER IDENTIFIER
control field OSt
008 - FIXED-LENGTH DATA ELEMENTS--GENERAL INFORMATION
fixed length control field 250423b |||||||| |||| 00| 0 eng d
020 ## - INTERNATIONAL STANDARD BOOK NUMBER
International Standard Book Number 9789354644078
082 ## - DEWEY DECIMAL CLASSIFICATION NUMBER
Classification number 330 BEE
100 ## - MAIN ENTRY--PERSONAL NAME
Personal name BESANKO,David
245 ## - TITLE STATEMENT
Title Economics of Strategy
250 ## - EDITION STATEMENT
Edition statement 7th Ed
260 ## - PUBLICATION, DISTRIBUTION, ETC. (IMPRINT)
Place of publication, distribution, etc New Delhi
Name of publisher, distributor, etc Wiley
Date of publication, distribution, etc 2025
300 ## - PHYSICAL DESCRIPTION
Extent 611
650 ## - SUBJECT ADDED ENTRY--TOPICAL TERM
Topical term or geographic name as entry element Economics of Strategy
700 ## - ADDED ENTRY--PERSONAL NAME
Personal name DRANOVE,David
700 ## - ADDED ENTRY--PERSONAL NAME
Personal name SHANLEY,Mark
700 ## - ADDED ENTRY--PERSONAL NAME
Personal name SCHAEFER,Scott
700 ## - ADDED ENTRY--PERSONAL NAME
Personal name RAMESHAN,P
942 ## - ADDED ENTRY ELEMENTS (KOHA)
Source of classification or shelving scheme Dewey Decimal Classification
Koha item type Text Books
Holdings
Withdrawn status Lost status Source of classification or shelving scheme Damaged status Not for loan Collection code Home library Current library Date acquired Source of acquisition Currency Cost, normal purchase price Bill Number Total Checkouts Full call number Acc. no. / Barcode Date last seen Actual Cost, discounted price Bill Date Koha item type
    Dewey Decimal Classification     MBA PIET C-LIBRARY PIET C-LIBRARY 16/04/2025 Zaffa Books INR 1099.00 ZBD0051   330 BEE 39481 23/04/2025 796.77 16/04/2025 Reference Books
    Dewey Decimal Classification     MBA PIET C-LIBRARY PIET C-LIBRARY 16/04/2025 Zaffa Books INR 1099.00 ZBD0051   330 BEE 39482 23/04/2025 796.77 16/04/2025 Text Books
    Dewey Decimal Classification     MBA PIET C-LIBRARY PIET C-LIBRARY 16/04/2025 Zaffa Books INR 1099.00 ZBD0051   330 BEE 39483 23/04/2025 796.77 16/04/2025 Text Books
    Dewey Decimal Classification     MBA PIET C-LIBRARY PIET C-LIBRARY 16/04/2025 Zaffa Books INR 1099.00 ZBD0051   330 BEE 39484 23/04/2025 796.77 16/04/2025 Text Books

Design & Developed by: PIET Central Library
R70 Miles Stone Pattikalyana Samalkha Panipat 132102
mail ID :- [email protected], Phone No:- 0180-2569700 Ex.216